[Event "Bundesliga 2021-22"]
[Site "Berlin GER"]
[Date "2022.07.09"]
[Round "14.3"]
[Board "1"]
[White "McShane, Luke J"]
[Black "Piorun, Kacper"]
[Result "1/2-1/2"]
[WhiteTitle "GM"]
[BlackTitle "GM"]
[WhiteElo "2647"]
[BlackElo "2640"]
[WhiteTeam "SV Werder Bremen"]
[BlackTeam "SF Berlin"]
[WhiteFideId "404853"]
[BlackFideId "1130420"]
[EventDate "2022.03.05"]

1. e4 e6 2. d4 d5 3. e5 c5 4. c3 Nc6 5. Nf3 Bd7 6. Be2 Nge7 7. Na3 cxd4 8. cxd4
Nf5 9. Nc2 Be7 10. g4 Nh6 11. Rg1 Qb6 12. Kf1 Rc8 13. Bd3 Ng8 14. Qe2 Nb4 15.
Nxb4 Bxb4 16. Be3 Bf8 17. Kg2 Ne7 18. a3 a6 19. Rac1 Rxc1 20. Rxc1 Nc6 21. b4
Be7 22. h3 h6 23. Qd1 Nd8 24. Rc3 Bb5 25. Ne1 1/2-1/2

[Event "Bundesliga 2021-22"]
[Site "Berlin GER"]
[Date "2022.07.09"]
[Round "14.3"]
[Board "2"]
[White "Schroeder, Jan-Christian"]
[Black "Fressinet, Laurent"]
[Result "0-1"]
[WhiteTitle "GM"]
[BlackTitle "GM"]
[WhiteElo "2564"]
[BlackElo "2630"]
[WhiteTeam "SF Berlin"]
[BlackTeam "SV Werder Bremen"]
[WhiteFideId "24662259"]
[BlackFideId "608742"]
[EventDate "2022.03.05"]

1. e4 e5 2. Nf3 Nc6 3. Bb5 Nf6 4. d3 Bc5 5. Bxc6 dxc6 6. Nbd2 Be6 7. O-O Nd7 8.
Nb3 Be7 9. Na5 Qc8 10. d4 Bg4 11. c3 O-O 12. Nc4 exd4 13. cxd4 Re8 14. Qd3 Nb6
15. Nfe5 Be6 16. b3 f6 17. Nxb6 axb6 18. Nc4 Bf8 19. Bb2 Bf7 20. f4 Qd7 21. f5
b5 22. Ne3 c5 23. d5 Ra6 24. a3 c6 25. Rad1 cxd5 26. Nxd5 Bxd5 27. exd5 Rc8 28.
Rf4 Rd6 29. b4 Rd8 30. bxc5 Rxd5 31. Qxd5+ Qxd5 32. Rxd5 Rxd5 33. Kf1 Bxc5 34.
Ke2 Bd6 35. Rd4 Rxd4 36. Bxd4 Bxh2 37. Kd3 Bd6 38. Bb2 Kf7 0-1

[Event "Bundesliga 2021-22"]
[Site "Berlin GER"]
[Date "2022.07.09"]
[Round "14.3"]
[Board "3"]
[White "Efimenko, Zahar"]
[Black "Tomczak, Jacek"]
[Result "1/2-1/2"]
[WhiteTitle "GM"]
[BlackTitle "GM"]
[WhiteElo "2597"]
[BlackElo "2584"]
[WhiteTeam "SV Werder Bremen"]
[BlackTeam "SF Berlin"]
[WhiteFideId "14107201"]
[BlackFideId "1124668"]
[EventDate "2022.03.05"]

1. Nf3 Nf6 2. g3 g6 3. Bg2 Bg7 4. O-O O-O 5. d4 d5 6. c4 c6 7. Nbd2 a5 8. b3 a4
9. Ba3 Re8 10. e3 Bf5 11. Qe2 Nbd7 12. Nh4 Be6 13. Rfc1 Qa5 14. b4 Qa6 15. b5
cxb5 16. cxb5 Qa5 17. Rab1 Rac8 18. Rxc8 Rxc8 19. Qd1 Bg4 20. Bf3 Bxf3 21. Nhxf3
e6 22. Rc1 Rc3 23. Rxc3 Qxc3 24. Qxa4 Qa1+ 25. Kg2 Qxa2 26. Qb3 Qxb3 27. Nxb3
Ne4 28. Bb4 Bf8 29. Bxf8 Kxf8 30. Ne5 Ke8 31. Na5 Nd6 32. Nxd7 Kxd7 33. b6 Kc8
34. Kf3 f6 35. h4 e5 36. dxe5 fxe5 37. Ke2 Ne4 38. g4 Nc5 39. f4 Kd7 40. Kd2
exf4 41. exf4 d4 42. Nxb7 Nxb7 43. Kd3 h5 1/2-1/2

[Event "Bundesliga 2021-22"]
[Site "Berlin GER"]
[Date "2022.07.09"]
[Round "14.3"]
[Board "4"]
[White "Kraemer, Martin"]
[Black "Pruijssers, Roeland"]
[Result "1-0"]
[WhiteTitle "GM"]
[BlackTitle "GM"]
[WhiteElo "2584"]
[BlackElo "2570"]
[WhiteTeam "SF Berlin"]
[BlackTeam "SV Werder Bremen"]
[WhiteFideId "4671910"]
[BlackFideId "1013068"]
[EventDate "2022.03.05"]

1. d4 f5 2. Bf4 Nf6 3. e3 e6 4. Nf3 b6 5. h3 Bb7 6. Be2 g6 7. c4 Bg7 8. O-O O-O
9. Nc3 Ne4 10. Qb3 Nc6 11. Rad1 Qe7 12. c5 d6 13. cxd6 cxd6 14. Qa3 Rad8 15. d5
Na5 16. dxe6 Nxc3 17. bxc3 Qxe6 18. Bxd6 Bxf3 19. Bxf8 Rxd1 20. Rxd1 Bxf8 21.
Rd8 Qf6 22. Qxf8+ Qxf8 23. Rxf8+ Kxf8 24. Bxf3 Ke7 25. Bd5 g5 26. f3 Kd6 27. e4
f4 28. h4 1-0

[Event "Bundesliga 2021-22"]
[Site "Berlin GER"]
[Date "2022.07.09"]
[Round "14.3"]
[Board "5"]
[White "Grigorian, Spartak"]
[Black "Jakubowski, Krzysztof"]
[Result "0-1"]
[WhiteTitle "IM"]
[BlackTitle "GM"]
[WhiteElo "2472"]
[BlackElo "2475"]
[WhiteTeam "SV Werder Bremen"]
[BlackTeam "SF Berlin"]
[WhiteFideId "24661490"]
[BlackFideId "1112848"]
[EventDate "2022.03.05"]

1. d4 Nf6 2. c4 e6 3. Nc3 Bb4 4. e3 O-O 5. Bd2 d5 6. Nf3 b6 7. cxd5 exd5 8. Rc1
c5 9. Bd3 c4 10. Bb1 Bg4 11. h3 Bh5 12. Qa4 Bxc3 13. Bxc3 Bxf3 14. gxf3 a6 15.
Qc2 Nc6 16. b3 g6 17. bxc4 dxc4 18. Ba1 b5 19. Rg1 Re8 20. Kf1 Nd5 21. Qd2 Qh4
22. Be4 Rxe4 23. fxe4 Qxe4 24. Rg3 Re8 25. Kg1 f5 26. a3 Re6 27. Kh2 h5 28. Rcg1
Kf7 29. Rg5 Nce7 30. Bc3 Rc6 31. Rc1 Ng8 32. Rg2 Ngf6 33. Ba1 Qe7 34. Kh1 Qxa3
35. e4 Qxh3+ 36. Kg1 fxe4 37. Qh6 Ne8 38. Re1 Qh4 39. Rg3 Rf6 40. Bb2 Qf4 41.
Qh7+ Ng7 42. Rg2 Qd2 43. Rxe4 Qxb2 44. Kh2 Qb4 45. f4 Qd6 46. Kh1 Nxf4 47. Rg5
Nh3 0-1

[Event "Bundesliga 2021-22"]
[Site "Berlin GER"]
[Date "2022.07.09"]
[Round "14.3"]
[Board "6"]
[White "Hess, Max"]
[Black "Reuker, Jari"]
[Result "0-1"]
[WhiteTitle "FM"]
[WhiteElo "2392"]
[BlackElo "2425"]
[WhiteTeam "SF Berlin"]
[BlackTeam "SV Werder Bremen"]
[WhiteFideId "24656666"]
[BlackFideId "12909300"]
[EventDate "2022.03.05"]

1. d4 Nf6 2. Nf3 g6 3. g3 Bg7 4. Bg2 O-O 5. O-O d6 6. b3 a5 7. Bb2 a4 8. c4 Ne4
9. Qc2 f5 10. b4 Qe8 11. a3 c6 12. Nc3 Nxc3 13. Bxc3 Nd7 14. e4 f4 15. c5 Nf6
16. Rfe1 d5 17. exd5 Nxd5 18. Bd2 Kh8 19. Ne5 g5 20. Be4 Bxe5 21. dxe5 Be6 22.
Rab1 Qh5 23. Bg2 Bf5 24. Qb2 e6 25. Rbd1 Bh3 26. Be4 Bg4 27. Qc2 fxg3 28. fxg3
Rf2 29. Bg2 Raf8 30. Rf1 Bxd1 31. Qxd1 Rxf1+ 0-1

[Event "Bundesliga 2021-22"]
[Site "Berlin GER"]
[Date "2022.07.09"]
[Round "14.3"]
[Board "7"]
[White "Wachinger, Nikolas"]
[Black "Schmidek, Emil"]
[Result "1/2-1/2"]
[BlackTitle "FM"]
[WhiteElo "2376"]
[BlackElo "2383"]
[WhiteTeam "SV Werder Bremen"]
[BlackTeam "SF Berlin"]
[WhiteFideId "12962791"]
[BlackFideId "12908150"]
[EventDate "2022.03.05"]

1. e4 c6 2. Nf3 d5 3. Nc3 Bg4 4. h3 Bxf3 5. Qxf3 e6 6. d4 dxe4 7. Qxe4 Nf6 8.
Qd3 Be7 9. g3 Nbd7 10. Bg2 Qb6 11. O-O O-O 12. Rd1 Rad8 13. Ne2 Rfe8 14. Qb3 e5
15. dxe5 Nc5 16. Be3 Nxb3 17. Bxb6 Nxa1 18. Bxd8 Bxd8 19. Rxa1 Rxe5 20. Nf4 Bb6
21. Rd1 g5 22. Nd3 Re2 23. c3 Kf8 1/2-1/2

[Event "Bundesliga 2021-22"]
[Site "Berlin GER"]
[Date "2022.07.09"]
[Round "14.3"]
[Board "8"]
[White "Thiede, Lars"]
[Black "Schulze, Lara"]
[Result "1-0"]
[WhiteTitle "IM"]
[BlackTitle "FM"]
[WhiteElo "2400"]
[BlackElo "2316"]
[WhiteTeam "SF Berlin"]
[BlackTeam "SV Werder Bremen"]
[WhiteFideId "4607759"]
[BlackFideId "12956830"]
[EventDate "2022.03.05"]

1. Nf3 d5 2. g3 Bg4 3. Bg2 c6 4. O-O Nf6 5. d3 Nbd7 6. Nbd2 e5 7. e4 Be7 8. Qe1
O-O 9. exd5 Nxd5 10. Nxe5 Nxe5 11. Qxe5 Bf6 12. Qe4 Qd7 13. Qc4 Nb6 14. Qb4 Be7
15. Qa5 Nd5 16. a3 b6 17. Qa6 Rfe8 18. Nf3 Bf6 19. Qc4 b5 20. Qa2 Qf5 21. Nd2
Rad8 22. Ne4 Bd4 23. Bg5 f6 24. Be3 Bxe3 25. fxe3 Qh5 26. Nxf6+ gxf6 27. e4 Bh3
28. Rf2 Bxg2 29. Kxg2 Kg7 30. exd5 Rxd5 31. Raf1 Re2 32. Rxe2 Qxe2+ 33. Rf2 Qe1
34. Qb3 Re5 35. Qb4 a5 36. Qxe1 Rxe1 37. d4 b4 38. axb4 axb4 39. Rd2 Kf7 40. Kf3
Rb1 41. b3 Rf1+ 42. Ke2 Rf5 43. Kd3 c5 44. Kc4 cxd4 45. Kxb4 Ke6 46. Kc4 1-0

[Event "Bundesliga 2021-22"]
[Site "Berlin GER"]
[Date "2022.07.09"]
[Round "14.4"]
[Board "1"]
[White "Navara, David"]
[Black "Bruedigam, Martin"]
[Result "1-0"]
[WhiteTitle "GM"]
[BlackTitle "IM"]
[WhiteElo "2700"]
[BlackElo "2386"]
[WhiteTeam "SV Muelheim Nord"]
[BlackTeam "SK Koenig Tegel"]
[WhiteFideId "309095"]
[BlackFideId "24608033"]
[EventDate "2022.03.05"]

1. e4 e5 2. Nf3 Nc6 3. Bb5 Nf6 4. d3 Bc5 5. Bxc6 dxc6 6. Nbd2 Nd7 7. Nc4 f6 8.
Bd2 Nf8 9. b4 Be7 10. a4 Ne6 11. O-O O-O 12. Qb1 Qe8 13. b5 b6 14. Qb2 Kh8 15.
Ne3 Bc5 16. Bb4 Bxb4 17. Qxb4 Nd4 18. Nxd4 c5 19. Qd2 exd4 20. Nd5 Qd7 21. Qf4
Rf7 22. Qg3 Bb7 23. Nf4 a6 24. h4 axb5 25. axb5 Rff8 26. h5 Qd6 27. Qg4 Rfe8 28.
h6 gxh6 29. Nh5 Rg8 30. Rxa8 Bxa8 31. Qf5 Rf8 32. Ra1 Bb7 33. Qg4 Qe7 34. Ra7
Bc8 35. Qf4 Qe5 36. Qxh6 Rf7 37. Ra8 Qe6 38. f4 1-0

[Event "Bundesliga 2021-22"]
[Site "Berlin GER"]
[Date "2022.07.09"]
[Round "14.4"]
[Board "2"]
[White "Mueller, Nick"]
[Black "Moiseenko, Alexander"]
[Result "0-1"]
[WhiteTitle "FM"]
[BlackTitle "GM"]
[WhiteElo "2375"]
[BlackElo "2602"]
[WhiteTeam "SK Koenig Tegel"]
[BlackTeam "SV Muelheim Nord"]
[WhiteFideId "24692093"]
[BlackFideId "14102560"]
[EventDate "2022.03.05"]

1. d4 Nf6 2. c4 e6 3. Nc3 Bb4 4. Qc2 d5 5. cxd5 exd5 6. Bg5 h6 7. Bxf6 Qxf6 8.
a3 Bxc3+ 9. Qxc3 O-O 10. Nf3 Bf5 11. e3 Nd7 12. Bd3 Bxd3 13. Qxd3 a5 14. O-O a4
15. b4 axb3 16. Qxb3 Qd6 17. Rfc1 b6 18. a4 Ra5 19. Qc3 c5 20. dxc5 Nxc5 21. Nd4
Qf6 22. Qxa5 bxa5 23. Rxc5 Qb6 24. Rb5 Qc7 25. Nb3 Rb8 26. Rc1 Qd6 27. Rxb8+
Qxb8 28. Nxa5 Qb2 29. Rc8+ Kh7 30. h3 Qb4 31. Nc6 Qb7 32. Rf8 Qxc6 33. Rxf7 Qxa4
34. Rf4 Qa1+ 35. Kh2 g5 36. Rd4 Qb2 37. Kg1 Qb1+ 38. Kh2 Qe1 39. Kg3 Qa5 40. Kh2
Qa2 41. Kg1 Qb1+ 42. Kh2 Qf5 43. Kg1 Kg6 44. h4 Kf6 45. hxg5+ hxg5 46. Rb4 Ke6
47. Rd4 Qb1+ 48. Kh2 Ke5 49. Kg3 Qb8 50. Kf3 Qf8+ 51. Kg3 Kd6 52. Rd2 Kc5 53.
Rc2+ Kb4 54. Rd2 Qf5 55. f3 Kc3 56. Rd4 Qe6 57. Kf2 Qe5 58. Rg4 Qe6 59. Rd4 Qa6
60. Kg3 Qa2 61. Rd1 Kc4 62. Rd4+ Kc5 63. Rd3 Qe2 64. Ra3 0-1

[Event "Bundesliga 2021-22"]
[Site "Berlin GER"]
[Date "2022.07.09"]
[Round "14.4"]
[Board "3"]
[White "Fridman, Daniel"]
[Black "Von Herman, Ulf"]
[Result "1-0"]
[WhiteTitle "GM"]
[BlackTitle "IM"]
[WhiteElo "2628"]
[BlackElo "2349"]
[WhiteTeam "SV Muelheim Nord"]
[BlackTeam "SK Koenig Tegel"]
[WhiteFideId "11600454"]
[BlackFideId "4608500"]
[EventDate "2022.03.05"]

1. d4 Nf6 2. Nf3 c6 3. c4 d6 4. g3 Bf5 5. Bg2 h6 6. Nc3 Nbd7 7. d5 e5 8. Nh4 Bh7
9. dxc6 bxc6 10. Bxc6 g5 11. Ng2 Rc8 12. Qa4 Qc7 13. Bb5 Bg7 14. Ne3 O-O 15.
Ned5 Qd8 16. Qxa7 Kh8 17. Be3 Nc5 18. Qb6 Nxd5 19. Nxd5 Be4 20. O-O Bxd5 21.
Qxd8 Rfxd8 22. cxd5 1-0

[Event "Bundesliga 2021-22"]
[Site "Berlin GER"]
[Date "2022.07.09"]
[Round "14.4"]
[Board "4"]
[White "Rietze, Clemens"]
[Black "Vrolijk, Liam"]
[Result "1/2-1/2"]
[WhiteTitle "FM"]
[BlackTitle "IM"]
[WhiteElo "2279"]
[BlackElo "2476"]
[WhiteTeam "SK Koenig Tegel"]
[BlackTeam "SV Muelheim Nord"]
[WhiteFideId "24620351"]
[BlackFideId "1048333"]
[EventDate "2022.03.05"]

1. d4 Nf6 2. c4 e6 3. Nf3 d5 4. Nc3 Bb4 5. Qa4+ Nc6 6. cxd5 exd5 7. Bg5 h6 8.
Bxf6 Qxf6 9. e3 O-O 10. Be2 Be6 11. a3 Bd6 12. Nb5 Bg4 13. O-O Ne7 14. Nxd6 Qxd6
15. Qb4 Qxb4 16. axb4 a6 17. b5 axb5 18. Bxb5 Nf5 19. Ne5 Nd6 20. Bd3 Be6 21.
Rfc1 c6 22. Be2 Rfd8 23. Kf1 g5 24. Nd3 Kf8 25. Nc5 Bf5 26. g4 Bg6 27. Ke1 Ke7
28. Kd2 Rf8 29. Bd3 Bxd3 30. Kxd3 b6 1/2-1/2

[Event "Bundesliga 2021-22"]
[Site "Berlin GER"]
[Date "2022.07.09"]
[Round "14.4"]
[Board "5"]
[White "Zelbel, Patrick"]
[Black "Giemsa, Stephan"]
[Result "1/2-1/2"]
[WhiteTitle "IM"]
[BlackTitle "FM"]
[WhiteElo "2458"]
[BlackElo "2281"]
[WhiteTeam "SV Muelheim Nord"]
[BlackTeam "SK Koenig Tegel"]
[WhiteFideId "24624322"]
[BlackFideId "4606884"]
[EventDate "2022.03.05"]

1. e4 e6 2. d4 d5 3. Nd2 c5 4. Ngf3 cxd4 5. Nxd4 Nc6 6. Bb5 Bd7 7. Nxc6 bxc6 8.
Bd3 Bd6 9. Qe2 e5 10. c4 d4 11. c5 Bxc5 12. Nc4 Qe7 13. O-O Nf6 14. f4 exf4 15.
Bxf4 Ng4 16. Rac1 O-O 17. h3 Ne3 18. Nxe3 dxe3 19. Bxe3 Bxe3+ 20. Qxe3 a5 21.
Bb1 Rab8 22. Rf2 Rb5 23. Rd2 Rfb8 24. Qa7 R8b7 25. Qa8+ Rb8 26. Qa7 R8b7 27.
Qa8+ Rb8 28. Qa7 R8b7 1/2-1/2

[Event "Bundesliga 2021-22"]
[Site "Berlin GER"]
[Date "2022.07.09"]
[Round "14.4"]
[Board "6"]
[White "Jahnz, Fabian"]
[Black "Buckels, Valentin"]
[Result "0-1"]
[WhiteTitle "FM"]
[BlackTitle "IM"]
[WhiteElo "2245"]
[BlackElo "2454"]
[WhiteTeam "SK Koenig Tegel"]
[BlackTeam "SV Muelheim Nord"]
[WhiteFideId "4653300"]
[BlackFideId "12942766"]
[EventDate "2022.03.05"]

1. e4 c6 2. d4 d5 3. exd5 cxd5 4. Bd3 Nf6 5. c3 Qc7 6. Ne2 Bg4 7. O-O e6 8. f3
Bh5 9. Bf4 Bd6 10. Bxd6 Qxd6 11. Nd2 Bg6 12. Nc1 Nc6 13. Qe2 Nh5 14. g3 O-O 15.
Bxg6 hxg6 16. Nd3 Nf6 17. Rae1 b5 18. a3 a5 19. b4 Nd7 20. Nc5 axb4 21. axb4 Ra2
22. Rf2 Rb8 23. Qd3 Nb6 24. Ndb3 Ra3 25. Ree2 Nc4 26. Ra2 Rba8 27. Rxa3 Rxa3 28.
f4 Qc7 29. h4 Nd6 30. Rh2 Ne4 31. Rb2 Ne7 32. Qxb5 Nf5 33. Qe8+ Kh7 34. Nxe4
dxe4 35. Nc5 Nxg3 36. Nd7 Qxf4 37. Nf8+ Kh6 38. Nxe6 Ra1+ 0-1

[Event "Bundesliga 2021-22"]
[Site "Berlin GER"]
[Date "2022.07.09"]
[Round "14.4"]
[Board "7"]
[White "Hausrath, Daniel"]
[Black "Dimitrijeski, Kristian"]
[Result "1-0"]
[WhiteTitle "GM"]
[BlackTitle "CM"]
[WhiteElo "2480"]
[BlackElo "2137"]
[WhiteTeam "SV Muelheim Nord"]
[BlackTeam "SK Koenig Tegel"]
[WhiteFideId "4617495"]
[BlackFideId "4627229"]
[EventDate "2022.03.05"]

1. Nf3 d5 2. g3 Nf6 3. Bg2 e6 4. O-O Be7 5. b3 O-O 6. c4 c5 7. Bb2 Nc6 8. e3 b6
9. Qe2 Bb7 10. Nc3 Rc8 11. d3 a6 12. Rad1 Qc7 13. cxd5 Nxd5 14. Nxd5 exd5 15. d4
Rfd8 16. Rd2 cxd4 17. Nxd4 Bb4 18. Nxc6 Qxc6 19. Qg4 Bc3 20. Bxc3 Qxc3 21. Rfd1
Rc5 22. h4 h6 23. Qf4 a5 24. Kh2 f6 25. Rd4 Qb2 26. R1d2 Rc2 27. Rxc2 Qxc2 28.
e4 Qc5 29. exd5 Qd6 30. Qe3 Kf8 31. Rd2 Re8 32. Qd3 Kg8 33. Qg6 Qe5 34. Rc2 Rc8
35. d6 Rxc2 36. Qxc2 Bxg2 37. d7 1-0

[Event "Bundesliga 2021-22"]
[Site "Berlin GER"]
[Date "2022.07.09"]
[Round "14.4"]
[Board "8"]
[White "Acikel, Mert"]
[Black "Dinstuhl, Volkmar"]
[Result "1/2-1/2"]
[BlackTitle "IM"]
[WhiteElo "2177"]
[BlackElo "2393"]
[WhiteTeam "SK Koenig Tegel"]
[BlackTeam "SV Muelheim Nord"]
[WhiteFideId "12956465"]
[BlackFideId "4613562"]
[EventDate "2022.03.05"]

1. e4 b6 2. d4 Bb7 3. Bd3 e6 4. Nf3 c5 5. c3 Nf6 6. Qe2 cxd4 7. cxd4 d5 8. e5
Ne4 9. O-O Be7 10. Nbd2 Nxd2 11. Bxd2 Nc6 12. Rac1 Rc8 13. a3 a5 14. Rc2 O-O 15.
Rfc1 Na7 16. Rxc8 Bxc8 17. b4 axb4 18. Bxb4 Bxb4 19. axb4 Bd7 20. Qc2 h6 21. Qc7
Nb5 22. Qb7 Na3 23. h3 Nc4 24. Bxc4 dxc4 25. Rxc4 Bb5 26. Rc7 Be2 27. Qxb6 Bxf3
28. gxf3 Qg5+ 29. Kf1 Ra8 30. Ra7 Qc1+ 31. Kg2 Qg5+ 32. Kf1 Qc1+ 33. Kg2 Rc8 34.
Qb7 Qg5+ 35. Kh2 Qf4+ 36. Kg2 Qg5+ 37. Kh2 Qf4+ 38. Kg2 Qg5+ 1/2-1/2

[Event "Bundesliga 2021-22"]
[Site "Berlin GER"]
[Date "2022.07.09"]
[Round "14.5"]
[Board "1"]
[White "Van Foreest, Jorden"]
[Black "Bluebaum, Matthias"]
[Result "1/2-1/2"]
[WhiteTitle "GM"]
[BlackTitle "GM"]
[WhiteElo "2714"]
[BlackElo "2642"]
[WhiteTeam "SG Solingen"]
[BlackTeam "Schachfreunde Deizisau"]
[WhiteFideId "1039784"]
[BlackFideId "24651516"]
[EventDate "2022.03.05"]

1. e4 e5 2. Nf3 Nf6 3. Nxe5 d6 4. Nf3 Nxe4 5. d4 d5 6. Bd3 Bd6 7. O-O O-O 8. c4
c6 9. Re1 Bf5 10. cxd5 cxd5 11. Nc3 Nxc3 12. bxc3 Bxd3 13. Qxd3 h6 14. Qb5 Qd7
15. Rb1 b6 16. g3 Qb7 17. Nh4 Rd8 18. Nf5 Bf8 19. Qe2 Nc6 20. Qg4 Kh7 21. Ba3 g6
22. Bxf8 Rxf8 23. Ne3 Rad8 24. Qf3 Qd7 25. Ng4 Qd6 26. Re2 Kg7 27. Rbe1 h5 28.
Ne3 Qf6 29. Qg2 Ne7 30. g4 Qh4 31. Nf1 Nc6 32. gxh5 Qxh5 33. Ng3 Qg4 34. f3 Qd7
35. f4 Rh8 36. f5 Rde8 37. fxg6 Rxe2 38. Nxe2 fxg6 39. Nf4 Qf5 40. Ne6+ Kg8 41.
Nf4 Rh4 42. Qxd5+ Qxd5 43. Nxd5 Kf7 44. Kg2 Rh5 45. Rf1+ Kg7 46. Nf4 Rg5+ 47.
Kf3 Ra5 48. Kg4 Kf6 49. Rf2 Ra3 50. h4 b5 51. Nd5+ Kg7 52. Re2 b4 53. Nxb4 Rxc3
54. Rc2 Rxc2 55. Nxc2 Kh6 56. a4 a5 57. d5 Ne5+ 58. Kf4 Nd3+ 59. Ke3 Nb2 60. Kd4
Nxa4 61. d6 Nb6 62. Ne3 a4 63. Kc5 Nd7+ 64. Kb4 g5 65. hxg5+ Kxg5 66. Kxa4 Kf4
67. Nc4 Ke4 68. Ka5 Kd5 69. Kb5 Nf6 70. d7 Nxd7 71. Nb6+ Nxb6 1/2-1/2

[Event "Bundesliga 2021-22"]
[Site "Berlin GER"]
[Date "2022.07.09"]
[Round "14.5"]
[Board "2"]
[White "Kamsky, Gata"]
[Black "Ragger, Markus"]
[Result "1-0"]
[WhiteTitle "GM"]
[BlackTitle "GM"]
[WhiteElo "2658"]
[BlackElo "2647"]
[WhiteTeam "Schachfreunde Deizisau"]
[BlackTeam "SG Solingen"]
[WhiteFideId "2000024"]
[BlackFideId "1610856"]
[EventDate "2022.03.05"]

1. d4 Nf6 2. Nf3 g6 3. Bg5 Bg7 4. c3 O-O 5. Nbd2 h6 6. Bh4 d6 7. e4 c5 8. dxc5
dxc5 9. Qc2 Nh5 10. Nc4 Nc6 11. Be2 Nf4 12. O-O Bg4 13. Ne3 Bxf3 14. Bxf3 Ne5
15. Be2 Nxe2+ 16. Qxe2 Qd3 17. Qxd3 Nxd3 18. Rab1 g5 19. Bg3 e6 20. a4 Ne5 21.
Rfd1 Rfd8 22. h4 Kf8 23. Kf1 Ke7 24. h5 Rac8 25. Ke2 Rxd1 26. Rxd1 Rc6 27. Bxe5
Bxe5 28. Nc4 Bc7 29. e5 b6 30. Kf3 a6 31. Ke4 b5 32. Ne3 c4 33. axb5 axb5 34. g3
Ra6 35. Ng4 Ra2 36. Nf6 Kf8 37. Rd7 Ra7 38. f4 gxf4 39. gxf4 Bb6 40. Rd2 Ke7 41.
Ng8+ Kf8 42. Nxh6 Ra1 43. Rd7 Re1+ 44. Kf3 Rf1+ 45. Kg3 Rg1+ 46. Kh3 Rh1+ 47.
Kg2 Rg1+ 48. Kh2 Rb1 49. Rxf7+ Ke8 50. Rb7 Rxb2+ 51. Kg3 Bf2+ 52. Kf3 b4 53.
cxb4 c3 54. Rc7 c2 55. Ng4 Bb6 56. Nf6+ Kd8 57. Rc6 Rb3+ 58. Kg4 Be3 59. h6 1-0

[Event "Bundesliga 2021-22"]
[Site "Berlin GER"]
[Date "2022.07.09"]
[Round "14.5"]
[Board "3"]
[White "L'Ami, Erwin"]
[Black "Moussard, Jules"]
[Result "1/2-1/2"]
[WhiteTitle "GM"]
[BlackTitle "GM"]
[WhiteElo "2621"]
[BlackElo "2630"]
[WhiteTeam "SG Solingen"]
[BlackTeam "Schachfreunde Deizisau"]
[WhiteFideId "1007998"]
[BlackFideId "642908"]
[EventDate "2022.03.05"]

1. d4 d5 2. c4 c6 3. Nf3 Nf6 4. e3 Bf5 5. Nc3 e6 6. Nh4 Bg6 7. Nxg6 hxg6 8. g3
Nbd7 9. Qb3 Qc7 10. Bg2 Be7 11. O-O Nb6 12. c5 Nbd7 13. Qa4 O-O 14. b4 b5 15.
Qb3 a5 16. a4 axb4 17. Qxb4 Rfb8 18. Bd2 bxa4 19. Qa3 Rb7 20. Qc1 Rba7 21. Ra3
e5 22. Qc2 Nf8 23. Rfa1 Ne6 24. Ne2 Qb7 25. Rxa4 Rxa4 26. Rxa4 Rxa4 27. Qxa4
Qb1+ 28. Bc1 exd4 29. exd4 Ne4 30. Bxe4 Qxe4 31. Be3 Bg5 32. Qb3 Qf3 33. Qd3 f5
34. Qd2 Bf6 35. Nf4 Nxf4 36. Bxf4 Qe4 37. Be3 g5 38. f3 Qxf3 39. Bxg5 Bxg5 40.
Qxg5 Qd1+ 41. Kg2 Qxd4 42. Qxf5 Qxc5 43. Qe6+ Kf8 44. Qf5+ Ke7 45. Qe5+ Kd8 46.
Qb8+ Kd7 47. Qb7+ Ke6 48. Qxg7 Qc2+ 49. Kh3 Qf5+ 50. g4 Qf3+ 51. Kh4 Qf2+ 52.
Kh3 Qe3+ 53. Kg2 d4 54. Qg8+ Kd7 55. Qf7+ Kd6 56. Qf6+ Kc7 57. g5 d3 58. Qf7+
Kd6 59. Qf6+ Kd5 60. Qf3+ Qxf3+ 61. Kxf3 Kd4 62. g6 Kc3 63. g7 d2 64. Ke2 Kc2
65. g8=Q d1=Q+ 66. Kf2 Qd4+ 67. Kf3 Qc3+ 68. Kf2 Qd2+ 69. Kf3 Qd3+ 70. Kf2 Qf5+
71. Ke3 Qh3+ 72. Ke4 Qd3+ 73. Ke5 Qe2+ 74. Kd6 Qxh2+ 75. Kxc6 1/2-1/2

[Event "Bundesliga 2021-22"]
[Site "Berlin GER"]
[Date "2022.07.09"]
[Round "14.5"]
[Board "4"]
[White "Gupta, Abhijeet"]
[Black "Warmerdam, Max"]
[Result "0-1"]
[WhiteTitle "GM"]
[BlackTitle "GM"]
[WhiteElo "2628"]
[BlackElo "2600"]
[WhiteTeam "Schachfreunde Deizisau"]
[BlackTeam "SG Solingen"]
[WhiteFideId "5010608"]
[BlackFideId "1048104"]
[EventDate "2022.03.05"]

1. d4 Nf6 2. c4 g6 3. Nc3 Bg7 4. e4 d6 5. Nf3 O-O 6. h3 e5 7. d5 a5 8. Bg5 Na6
9. g4 c6 10. Nd2 Nc5 11. Qf3 a4 12. a3 h6 13. Be3 Qa5 14. Rg1 Bd7 15. h4 cxd5
16. cxd5 b5 17. g5 hxg5 18. hxg5 Nh5 19. Bxc5 dxc5 20. d6 Nf4 21. O-O-O c4 22.
Nd5 Nxd5 23. exd5 Bf5 24. Ne4 Bxe4 25. Qxe4 Rfd8 26. Rg3 Rxd6 27. Bh3 Rad8 28.
Rf3 Qa8 29. Bg2 Qb7 30. Rh3 b4 31. axb4 Qxb4 32. Rc3 Rc8 33. Rd2 Ra6 34. Kd1 a3
35. Rxa3 Rxa3 36. bxa3 Qxa3 37. Ke2 c3 38. Rc2 Qb3 39. d6 Rc4 40. Qd3 e4 41.
Bxe4 Rd4 42. Qe3 Qe6 43. f3 Rxd6 44. Qc5 Bd4 45. Qb4 Qe5 46. Qb8+ Kg7 47. Kf1
Bb6 0-1

[Event "Bundesliga 2021-22"]
[Site "Berlin GER"]
[Date "2022.07.09"]
[Round "14.5"]
[Board "5"]
[White "Andersen, Mads"]
[Black "Kollars, Dmitrij"]
[Result "1/2-1/2"]
[WhiteTitle "GM"]
[BlackTitle "GM"]
[WhiteElo "2570"]
[BlackElo "2635"]
[WhiteTeam "SG Solingen"]
[BlackTeam "Schachfreunde Deizisau"]
[WhiteFideId "1413864"]
[BlackFideId "12909572"]
[EventDate "2022.03.05"]

1. d4 Nf6 2. c4 e6 3. Nf3 d5 4. g3 Bb4+ 5. Bd2 a5 6. Bg2 O-O 7. Qc2 c5 8. cxd5
cxd4 9. Nxd4 Qb6 10. e3 exd5 11. a3 Bxd2+ 12. Nxd2 Nc6 13. N2f3 Bg4 14. O-O Rac8
15. Qd3 Ne4 16. Qb3 Qxb3 17. Nxb3 a4 18. Nbd4 Rfd8 19. Rac1 Kf8 20. h3 Nxd4 21.
Nxd4 Rxc1 22. Rxc1 Rc8 23. Rxc8+ Bxc8 24. Kf1 Ke7 25. Ke2 1/2-1/2